000 00425nam a2200157Ia 4500
008 240729s9999 xx 000 0 und d
022 _a1899-007X
245 0 _aJournal of Plant Protection Research
260 _aPoland
260 _bPolish Academy of Sciences
650 _a Plant culture
650 _aAgriculture
856 _uhttps://doaj.org/toc/8b32d17b69ca4e71a742bd07f45c8eb6
942 _2ddc
942 _cDOAJEJ
999 _c73316
_d73316
945 _a1
_bMadushi Gamage
_c1
_dMadushi Gamage